Hát quan làng trong đám cưới của người Tày Khao Hà Giang

Αποθηκεύτηκε σε:
Λεπτομέρειες βιβλιογραφικής εγγραφής
Κύριος συγγραφέας: Ma Ngọc Hương
Μορφή: Βιβλίο
Ετικέτες: Προσθήκη ετικέτας
Δεν υπάρχουν, Καταχωρήστε ετικέτα πρώτοι!
Thư viện lưu trữ: Mạng thư viện Đại học Đà Nẵng
LEADER 00883nam a2200217 4500
001 000016239
003 12637
005 20150812150859.0
008 120727s sd
100 0 |a Ma Ngọc Hương 
245 0 0 |a Hát quan làng trong đám cưới của người Tày Khao Hà Giang  |c Ma Ngọc Hương 
774 |a Ma Ngọc Hướng  |d Đại học quốc gia Hà Nội  |d H.  |d 2011  |g Tập 1  |h 263 tr.  |t Hát quan làng của người Tày Khao ở Bắc Giang, Quang Bình, Bắc Mê  |w 12640 
774 |a Ma Ngọc Hướng  |d Đại học quốc gia Hà Nội  |d H.  |d 2011  |g Tập 2  |h 360 tr.  |t Hát quan làng của người Tày Khao ở Vỵ Xuyên  |w 12641 
OWN |a LSP 
999 |a From the UDN01 
TYP |a Monograph 
TYP |a Printed language 
980 |a Mạng thư viện Đại học Đà Nẵng